00551nam a2200169 u 450000100100000000500170001000800410002704000250006808200210009310000270011424500830014125000110022426000320023530000210026750400370028865000560032500002037320200929170405.0100806s1957 dr r 000 0 spa d aDO-SdBNPbspacBNPHU a371bA786p, 19571 aArtero Bernad, Félix10aPreparación y control de las actividades escolares /cFélix Artero Bernad. a2a ed. aMéxico :bHerrero,c1957. a197 p. ;c20 cm. aIncluye bibliografías [p. 191] 4aActivides creativas y trabajo de clasexEnseñanza